000
00342nam a2200109Ia 4500
008
221009s9999 xx 000 0 und d
082
_a
741.642 BOOK
100
_a
व्यास सत्यनारायण
_9
54996
245
0
_a
रामायण की विभूतिया
260
_b
किताब महल
942
_c
BK
999
_c
64593
_d
64593